00767cam a22002173a 45000010005000000030006000050050017000110080041000280400015000690420007000840500007000911000030000982450091001282600029002195000163002485060030004115160020004416530019004618300028004808560041005084758PGUSA20140828083108.0031201s2003||||xxu|||||s|||||000 p eng d aPGUSAbeng adc 4aPR1 aHardy, Thomas,d1840-192810aLate Lyrics and Earlier, With Many Other Versesh[electronic resource] /cThomas Hardy bProject Gutenberg,c2003 aIncludes Hardy's Apology, " ... his most significant and extended utterance on poetry and criticism, ... "--R. L. Purdy. Thomas Hardy: a bibliographical study aPublic domain in the USA. aElectronic text aEnglish poetry 0aProject Gutenbergv475840uhttp://www.gutenberg.org/ebooks/4758